Combinatorial optimization / (Record no. 29771)
[ view plain ]
| 000 -LEADER | |
|---|---|
| fixed length control field | 00888 a2200217 4500 |
| 020 ## - INTERNATIONAL STANDARD BOOK NUMBER | |
| International Standard Book Number | 3540443894 |
| 020 ## - INTERNATIONAL STANDARD BOOK NUMBER | |
| International Standard Book Number | 9783540443896 |
| 082 ## - DEWEY DECIMAL CLASSIFICATION NUMBER | |
| Classification number | 519.3 |
| 090 ## - LOCALLY ASSIGNED LC-TYPE CALL NUMBER (OCLC); LOCAL CALL NUMBER (RLIN) | |
| -- | 1158 |
| -- | 1158 |
| 100 1# - MAIN ENTRY--PERSONAL NAME | |
| Personal name | Schrijver, Alexander. |
| 245 10 - TITLE STATEMENT | |
| Title | Combinatorial optimization / |
| Statement of responsibility, etc. | Alexander Schrijver. |
| 260 ## - PUBLICATION, DISTRIBUTION, ETC. | |
| Place of publication, distribution, etc. | [S.l.] : |
| Name of publisher, distributor, etc. | Springer, |
| Date of publication, distribution, etc. | 2003. |
| 300 ## - PHYSICAL DESCRIPTION | |
| Extent | 1800 p. ; |
| Dimensions | 26 cm. |
| 490 1# - SERIES STATEMENT | |
| Series statement | 3 volume, A,b, & c. |
| 700 ## - ADDED ENTRY--PERSONAL NAME | |
| Personal name | Schrijver, Alexander. |
| 830 #0 - SERIES ADDED ENTRY--UNIFORM TITLE | |
| Uniform title | 3 volume, A,b, & c. |
| 942 ## - ADDED ENTRY ELEMENTS (KOHA) | |
| Institution code [OBSOLETE] | SNS |
| Koha item type | Book |
| Call number prefix | 519.3 SCH |
| Withdrawn status | Lost status | Damaged status | Not for loan | Permanent Location | Current Location | Date acquired | Total Checkouts | Full call number | Barcode | Date last seen | Price effective from | Koha item type |
|---|---|---|---|---|---|---|---|---|---|---|---|---|
| School of Natural Sciences (SNS) | School of Natural Sciences (SNS) | 05/26/2016 | 519.3 SCH | SNS0001488 | 05/26/2016 | 05/26/2016 | Book | |||||
| School of Natural Sciences (SNS) | School of Natural Sciences (SNS) | 05/26/2016 | 519.3 SCH | SNS0001489 | 05/26/2016 | 05/26/2016 | Book | |||||
| School of Natural Sciences (SNS) | School of Natural Sciences (SNS) | 05/26/2016 | 519.3 SCH | SNS0001490 | 05/26/2016 | 05/26/2016 | Book |
